• 首页
  • 本馆介绍
  • 公告通知
  • 最新文献
  • 馆藏检索
  • 电子资源
  • 读者导购
  • 参考咨询
  • 我的图书馆
  • 登录
  • 详细信息显示
  • 放入我的书架
  • 预约/预借图书
  • 作者相关作品
  • 分类相关作品
  • 丛书相关作品
  • 出版社相关作品

书目信息

  • 表格格式
  • 工作单格式
  • 卡片格式
题名:
谈谈我国古代学者的学习精神和学习方法
    
 
作者: 吴天石 著
分册:  
出版信息: 北京   中国青年出版社  1979
页数: 76页
开本: 19cm
丛书名:
单 册:
中图分类: D432.63 , G424.6
科图分类:
主题词: 治学精神--中国--古代--青年读物 , 教学理论
电子资源:
ISBN:
000 00730nam0 2200265 45
001 0179003758
005 20040331102504.2
010    @dCNY0.17
091    @a7009.165
100    @a19950713d1979 em y0chiy0121 ea
101 0  @achi
102    @aCN@b110000
105    @ay z 000yy
106    @ar
200 10 @a谈谈我国古代学者的学习精神和学习方法@Atan tan wo guo gu dai xue zhe dexue xi jing shen he xue xi fang fa@f吴天石著
205    @a2版
210    @a北京@c中国青年出版社@d1979
215    @a76页@d19cm
606    @a治学精神@y中国@z古代@x青年读物
606 0  @a教学理论
690    @aD432.63@v3
690    @aG424.6
701  0 @a吴天石@Awu tian shi@4著
801  0 @aCN@bNLC@c20040331
905    @f1@b29228@dG424.6@e9=2
    
    谈谈我国古代学者的学习精神和学习方法/吴天石著.-2版.-北京:中国青年出版社,1979
    76页;19cm
    
    
    ISBN :CNY0.17
    
●
相关链接 在E读中查询图书 在五车中查询图书 在当当中查询图书 在豆瓣中查询图书


正题名:谈谈我国古代学者的学习精神和学习方法     索取号:G424.6/9=2         预约/预借

序号 登录号 条形码 馆藏地/架位号 状态 备注
1 0029228   001924449   密集书库/ [索取号:G424.6/9=2] 在馆    
唐山师范学院图书馆 欢迎您!
大连网信软件有限公司© 版权所有